| 000 | 00965nmm a2200277 a 4500 | ||
|---|---|---|---|
| 001 | ocm0001299428 | ||
| 003 | TR-IsHL | ||
| 005 | 20201028162008.0 | ||
| 008 | 160715s2012 tu tur | ||
| 007 | cr cn | ||
| 020 | _a9786055541545 | ||
| 035 |
_a1299428 _b(N$T) |
||
| 050 | 0 | 4 |
_aHC79.F3 _bD38 2012 |
| 090 | 0 | 4 |
_aHC79.F3 _bD38 2012 |
| 100 | 1 | _aDavis, Mike | |
| 245 | 1 | 0 |
_aÜzerinde güneş batmayan katliam: El Nino kıtlıkları ve üçüncü dünyanın açlıkla inşası _h[electronic resource] / _cMike Davis ; çeviri Umut Haskan |
| 260 |
_aİstanbul : _bYordam Kitap, _c2012 |
||
| 300 | _a456 p. | ||
| 650 | 4 | _aSosyoloji | |
| 650 | 4 | _aSociology | |
| 650 | 0 |
_aYiyecek arzı _xAz gelişmiş ülkeler |
|
| 650 | 0 |
_aFood supply _xLeast developed countries |
|
| 650 | 7 |
_aBUSINESS & ECONOMICS / General _2bisacsh |
|
| 700 | 1 | _aHaskan, Umut | |
| 856 | 4 | 0 | _uhttp://search.ebscohost.com/login.aspx?direct=true&scope=site&db=e011xww&AN=1299428 |
| 999 |
_c14469 _d14469 |
||